مدافع آية الله : (Record no. 14133)

MARC details
000 -الفاتح
حقل البيانات ثابتة الطول 01166nam a2200289 i 4500
003 - محدد رقم الضبط
رقم الضبط EG-ScBUE
005 - وقت وتاريخ اخر تعامل مع التسجيلة
رقم الضبط 20240806112229.0
008 - عناصر البيانات ثابتة الطول - معلومات عامة
حقل البيانات ثابتة الطول 100621s1988 ua f 000 0 ara d
017 ## - رقم الإيداع القانونى
رقم الإيداع القانونى 88 / 3058
020 ## - الرقم الدولى المعيارى للكتب
الرقم الدولى المعيارى للكتاب 977148219X
040 ## - مصدر الفهرسة
وكالة الفهرسة الأصلية EG-ScBUE
لغة الفهرسة ara
قواعد الوصف rda
وكالة النسخ EG-ScBUE
وكالة التعديل EG-ScBUE
043 ## - رمز المنطقة الجغرافية
رمز المنطقة الجغرافية a-ir---
082 04 - رقم تصنيف ديوى العشرى
رقم الطبعة 22
رقم التصنيف 955.053
رقم المادة هـ ي ك
100 1# - المدخل الرئيسى - إسم شخصى
9 (RLIN) 1798
الإسم الشخصى هيكل، محمد حسنين،
التواريخ المصاحبة للاسم 1923-2016،
الدور مؤلف.
245 10 - بيان العنوان
العنوان مدافع آية الله :
بقية العنوان قصة إيران والثورة /
بيان المسئوليه,etc محمد حسنين هيكل.
250 ## - بيان الطبعة
بيان الطبعة الطبعة الرابعة.
264 #1 - النشر، التوزيع
مكان الناشر او الموزع القاهرة :
اسم الناشر او الموزع دار الشروق،
تاريخ النشر أو التوزيع 1988.
300 ## - الوصف المادى
التعداد 273 صفحة ؛
أبعاد الوعاء 24 سم
336 ## - نوع المحتوى
source rdacontent
Carrier Type Term نص
Content Type Code txt
337 ## - نوع الوسيط
Media Type Term بدون وسيط
source rdamedia
Media Type Code n
338 ## - نوع الحامل أو الناقل
Carrier Type Term مجلد
Carrier Type Code nc
source rdacarrier
541 ## - تبصرة المصدر المباشر للتزويد
طريقة التزويد إهداء ؛
مصدر التزويد الدكتور علاء عبد الغني.
651 #7 - المدخل الاضافى بالموضوع - اسم جغرافى
9 (RLIN) 14936
الاسم الجغرافي إيران
التقسيم الفرعي العام تاريخ
التقسيم الفرعي الزمني العصر الحديث
-- محمد رضا شاه بهلوي (1943-1979م.
مصدر الرأس أو المصطلح BUEsh
651 #7 - المدخل الاضافى بالموضوع - اسم جغرافى
9 (RLIN) 14937
الاسم الجغرافي إيران
التقسيم الفرعي العام تاريخ
التقسيم الفرعي الزمني العصر الحديث
-- الثورة الإسلامية.
مصدر الرأس أو المصطلح BUEsh
655 ## - مصطلح تكشيفى-نوع/شكل
التقسيم الفرعي الشكلي Reading book
942 ## - عناصر المدخل الإضافي( كوها)
مصدر التصنيف او مخطط الترفيف Dewey Decimal Classification
Koha [default] item type Book - Borrowing
Holdings
حالة التراجع حالة الفقد مصدر التصنيف او خطة الترفيف حالة تلف ليس للاعارة مجموعات كوها المكان الدائم المكان الحالي موقع الترفيف تاريخ الاكتساب Source of acquisition رقم الاستدعاء الباركود Date last seen مُعار نوع الوعاء
    Dewey Decimal Classification     Donation-Gift Central Library Central Library Second Floor 21/06/2010 Donation 955.053 هـ ي ك 000021032 15/07/2025 19/04/2015 Book - Borrowing